UNINFOS 2003 (Universities' Information Systems) International Conference proceedings, Nitra, Slovak Republic September 3-5, 2003 : abstracts

Bibliographic Details
Corporate Author: UNINFOS Nitra, Slovensko (Author)
Format: Conference Proceeding Book
Language:English
PhysicalDescription:47 strán 21 cm
Published: Nitra Slovak University of Agriculture 2003
ISBN:8080692432
Subjects:

MARC

LEADER 00000cam a2200000 a 4500
001 vtls001460559
003 SK-MaSNL
005 20260301121559.0
008 220107s2003 xo fr 10000 eng
015 |a SNBA2004/06-03384 
020 |a 8080692432 
035 |a SNK000415866 
035 |a urn:nbn:sk:snk-am3ix08 
035 |a CBE075BC-5CF3-40AF-989B-8FE09A9D1977 
035 |a urn:nbn:sk:snk-am00g3vb 
040 |a SNK  |b slo  |c SNK  |e AACR2 
041 0 |a eng 
044 |a xo  |c SK 
072 7 |a 007  |x Teória systémov. Automatické systémy. Kybernetika. Informačné systém  |2 konspekt 
080 |a 378  |2 2011 
080 |a [007+004]:378.4378  |2 2011 
080 |a (048.3)  |2 2011 
080 |a 002.1:004.087  |2 2011 
080 |a 004.738.52  |2 2001 
080 |a 316.772:004.738.5  |2 2011 
080 |a 024.5/.6:004  |2 2011 
080 |a (062.534)  |2 2011 
111 2 |a UNINFOS  |n (9. :  |d 2003 :  |c Nitra, Slovensko)  |4 aut  |9 36632 
245 1 0 |a UNINFOS 2003 (Universities' Information Systems)  |b International Conference proceedings, Nitra, Slovak Republic September 3-5, 2003 : abstracts 
260 |a Nitra  |b Slovak University of Agriculture  |c 2003 
300 |a 47 strán  |c 21 cm 
366 |e 220 kusov 
650 0 7 |a vysoké školy  |2 SNKPH  |9 1277 
650 0 7 |a univerzitné informačné systémy  |2 SNKPH  |9 329755 
650 0 7 |a elektronické zdroje  |2 SNKPH  |9 68867 
650 0 7 |a webové portály  |2 SNKPH  |9 151339 
650 0 7 |a elektronická komunikácia  |2 SNKPH  |9 29306 
650 0 7 |a elektronické služby  |2 SNKPH  |9 67759 
655 7 |a abstrakty  |2 SNKPH  |9 22516 
655 7 |a zborníky konferencií  |2 SNKPH  |9 70153 
919 |a 80-8069-243-2 
958 |a OND 
999 |c 729939  |d 731869 
952 |t P60, <03>, [BOOK], {603}  |a SNK  |b SNK  |y PREZ  |7 0  |p 17A0399021  |o snkSC 113131  |i snkKSP 12531/2003  |0 0  |1 0  |4 0  |d 2003-09-30  |f 1  |l 0  |r 2025-10-02 00:00:00  |w 2026-02-23 
952 |t P60, <04>, [BOOK], {604}  |a SNK  |b SNK  |y VYP  |7 0  |p 17A0399012  |o snkSC 113131 D1  |i snkKSP 12532/2003  |0 0  |1 0  |4 0  |d 2003-09-30  |l 0  |r 2005-01-02 00:00:00  |w 2026-02-23